[Event "EU-ch (Women) 24th"]
[Site "Rhodes"]
[Date "2024.04.29"]
[Round "10"]
[White "Ibrahimova, Sabina Oqtay"]
[Black "Beydullayeva, Govhar"]
[Result "0-1"]
[WhiteElo "2175"]
[BlackElo "2402"]
[PlyCount "66"]
[EventDate "2024.04.19"]
[EventType "swiss"]
[EventRounds "10"]
[EventCountry "GRE"]
[SourceTitle "CB18_2024"]
[SourceDate "2024.05.01"]
[SourceVersion "1"]
[SourceVersionDate "2024.05.01"]
[SourceQuality "2"]

1. c4 Nf6 2. Nc3 e5 3. Nf3 Nc6 4. e4 Bb4 5. d3 d6 6. a3 Bc5 7. b4 Bb6 8. Na4 Bd4 9. Rb1 Bg4 10. Be2 Bxf3 11. Bxf3 a6 12. 0-0 b5 13. Nb2 0-0 14. Qe1 Rb8 15. Kh1 Na7 16. Nd1 Nd7 17. Ne3 Nc6 18. Bd1 Ba7 19. cxb5 axb5 20. f4 exf4 21. Nf5 Nd4 22. Rxf4 Ne5 23. Qg3 Nxf5 24. Rxf5 Bd4 25. Bb3 Kh8 26. Bd2 Ra8 27. Rh5 Rxa3 28. Qh3 Ng6 29. Rxh7+ Kg8 30. Rh5 Qa8 31. Rf5 Rxb3 32. Rbf1 Qc8 33. Qg3 Qe6 0-1

[Event "EU-ch (Women) 24th"]
[Site "Rhodes"]
[Date "2024.04.26"]
[Round "7"]
[White "Beydullayeva, Govhar"]
[Black "Fataliyeva, Ulviyya Hasil Qizi"]
[Result "0-1"]
[WhiteElo "2402"]
[BlackElo "2377"]
[PlyCount "74"]
[EventDate "2024.04.19"]
[EventType "swiss"]
[EventRounds "10"]
[EventCountry "GRE"]
[SourceTitle "CB18_2024"]
[SourceDate "2024.05.01"]
[SourceVersion "1"]
[SourceVersionDate "2024.05.01"]
[SourceQuality "2"]

1. d4 Nf6 2. c4 e6 3. Nf3 d5 4. Nc3 Be7 5. cxd5 exd5 6. Bf4 c6 7. e3 Nh5 8. h3 Nxf4 9. exf4 Bf5 10. Bd3 Bxd3 11. Qxd3 Nd7 12. g3 Nb6 13. Kf1 Nc4 14. b3 Nd6 15. Kg2 f5 16. h4 0-0 17. Ne5 Rc8 18. f3 Ne8 19. Nd1 Bd6 20. Ne3 Bxe5 21. fxe5 Qd7 22. f4 h5 23. Rhc1 Nc7 24. b4 g6 25. a4 Ne6 26. b5 Rfd8 27. bxc6 bxc6 28. Rab1 c5 29. dxc5 d4 30. Nc4 Rxc5 31. Nd6 Qc6+ 32. Qf3 Rc2+ 33. Rxc2 Qxc2+ 34. Kh3 Qxb1 35. Qd5 Kf8 36. Kg2 Qc2+ 37. Kh3 Qc8 0-1

[Event "EU-ch (Women) 24th"]
[Site "Rhodes"]
[Date "2024.04.21"]
[Round "3"]
[White "Antolak, Julia"]
[Black "Beydullayeva, Govhar"]
[Result "1/2-1/2"]
[WhiteElo "2309"]
[BlackElo "2402"]
[PlyCount "81"]
[EventDate "2024.04.19"]
[EventType "swiss"]
[EventRounds "10"]
[EventCountry "GRE"]
[SourceTitle "CB18_2024"]
[SourceDate "2024.05.01"]
[SourceVersion "1"]
[SourceVersionDate "2024.05.01"]
[SourceQuality "2"]

1. d4 Nf6 2. c4 e6 3. Nc3 Bb4 4. Nf3 0-0 5. Bg5 c5 6. Rc1 h6 7. Bh4 cxd4 8. Nxd4 d5 9. cxd5 g5 10. Bg3 Qxd5 11. a3 Bxc3+ 12. Rxc3 e5 13. Nc2 Qxd1+ 14. Kxd1 Ne4 15. Re3 Bf5 16. f3 Nxg3 17. hxg3 Rd8+ 18. Kc1 Nc6 19. Rc3 Bxc2 20. Kxc2 Nd4+ 21. Kc1 Rac8 22. e4 Kg7 23. Kb1 Kg6 24. g4 f6 25. Bc4 b5 26. Bd5 Rxc3 27. bxc3 Ne2 28. Kb2 Rc8 29. Be6 Rc7 30. Bb3 Rxc3 31. Re1 Re3 32. a4 bxa4 33. Bxa4 a6 34. Be8+ Kg7 35. Ba4 Kf8 36. Bb3 a5 37. Bc4 Nc3 38. Ra1 Ne2 39. Re1 Nc3 40. Ra1 Ne2 41. Re1 1/2-1/2

[Event "EU-ch (Women) 24th"]
[Site "Rhodes"]
[Date "2024.04.19"]
[Round "1"]
[White "Dwilewicz, Katarzyna"]
[Black "Beydullayeva, Govhar"]
[Result "0-1"]
[WhiteElo "2130"]
[BlackElo "2402"]
[PlyCount "80"]
[EventDate "2024.04.19"]
[EventType "swiss"]
[EventRounds "10"]
[EventCountry "GRE"]
[SourceTitle "CB18_2024"]
[SourceDate "2024.05.01"]
[SourceVersion "1"]
[SourceVersionDate "2024.05.01"]
[SourceQuality "2"]

1. e4 c5 2. Nf3 d6 3. d4 cxd4 4. Nxd4 Nf6 5. Nc3 a6 6. Be2 e5 7. Nb3 Be7 8. Be3 Be6 9. Nd5 Nbd7 10. Qd3 Bxd5 11. exd5 Rc8 12. c4 0-0 13. 0-0 a5 14. a4 b6 15. Rac1 Ne8 16. Bg4 Rb8 17. f4 exf4 18. Bxf4 Nc5 19. Nxc5 bxc5 20. b3 Bg5 21. Bxg5 Qxg5 22. Bd7 Nf6 23. Bb5 Ng4 24. Rce1 f5 25. h3 Ne5 26. Rxe5 dxe5 27. d6 Kh8 28. Kh1 Rbd8 29. d7 e4 30. Qd5 Qe7 31. Re1 e3 32. g3 f4 33. Qf3 Qe5 34. g4 Rf6 35. Kg2 Rd6 36. Re2 Rd2 37. h4 Qb2 38. Rxd2 exd2 39. Kh3 Qd4 40. Qe2 Qe3+ 0-1

[Event "San Vicente op 8th"]
[Site "San Vicente"]
[Date "2024.04.01"]
[Round "9"]
[White "Beydullayeva, Govhar"]
[Black "Solodovnichenko, Yuri"]
[Result "1/2-1/2"]
[WhiteElo "2374"]
[BlackElo "2481"]
[PlyCount "167"]
[EventDate "2024.03.27"]
[EventType "swiss"]
[EventRounds "9"]
[EventCountry "ESP"]
[SourceTitle "CB14_2024"]
[SourceDate "2024.04.01"]
[SourceVersion "1"]
[SourceVersionDate "2024.04.01"]
[SourceQuality "1"]

1. d4 e6 2. c4 b6 3. e4 Bb7 4. Bd3 Nc6 5. Nf3 Nb4 6. Nc3 Nxd3+ 7. Qxd3 Ne7 8. d5 Ng6 9. Be3 Bd6 10. h4 0-0 11. 0-0-0 f5 12. exf5 Rxf5 13. Nd4 Rf8 14. dxe6 Nf4 15. Qc2 dxe6 16. Ne4 Qe8 17. g3 e5 18. Nb5 Ne2+ 19. Kb1 Qg6 20. Nexd6 Qxc2+ 21. Kxc2 Bxh1 22. Nxc7 Rad8 23. Ne6 Nd4+ 24. Nxd4 Rxd6 25. Nb5 Be4+ 26. Kc1 Rxd1+ 27. Kxd1 Rd8+ 28. Kc1 Rd7 29. b3 Kf7 30. a4 Bf3 31. Kb2 Ke6 32. Nc3 Rc7 33. Nb5 Rb7 34. Nc3 h6 35. b4 Bg2 36. Kb3 Bf1 37. Ne4 Bd3 38. Nd2 Be2 39. Ne4 Bd1+ 40. Ka3 Bc2 41. Nc3 Bd3 42. Kb3 Rc7 43. c5 bxc5 44. Bxc5 a6 45. Be3 Rb7 46. Bc5 Rb8 47. Nd1 a5 48. Nb2 Be2 49. Nc4 axb4 50. Nb6 g5 51. hxg5 hxg5 52. Kxb4 g4 53. Kc3 Rd8 54. a5 Rd1 55. Kb2 Bb5 56. Be3 Kd6 57. Nc8+ Kd7 58. Nb6+ Kc7 59. Kc3 Kc6 60. Nc4 Kd5 61. Nd2 Ra1 62. Nb3 Ra4 63. Bb6 Rc4+ 64. Kb2 Rc8 65. Ka3 Kc4 66. Nd2+ Kd3 67. Nb3 Ke2 68. Kb4 Bd3 69. Nc5 e4 70. a6 Bxa6 71. Nxa6 Rc6 72. Kb5 Rxb6+ 73. Kxb6 Kxf2 74. Kc5 Kxg3 75. Nb4 Kf3 76. Kd4 e3 77. Nc2 e2 78. Kd3 Kf2 79. Kd2 g3 80. Ne1 Kf1 81. Nc2 g2 82. Ne3+ Kf2 83. Nxg2 Kxg2 84. Kxe2 1/2-1/2

[Event "San Vicente op 8th"]
[Site "San Vicente"]
[Date "2024.03.31"]
[Round "7"]
[White "Beydullayeva, Govhar"]
[Black "Piorun, Kacper"]
[Result "0-1"]
[WhiteElo "2374"]
[BlackElo "2599"]
[PlyCount "80"]
[EventDate "2024.03.27"]
[EventType "swiss"]
[EventRounds "9"]
[EventCountry "ESP"]
[SourceTitle "CB14_2024"]
[SourceDate "2024.04.01"]
[SourceVersion "1"]
[SourceVersionDate "2024.04.01"]
[SourceQuality "1"]

1. d4 f5 2. Nf3 Nf6 3. g3 g6 4. Bg2 Bg7 5. c4 0-0 6. 0-0 d6 7. Nc3 c6 8. d5 e5 9. dxe6 Bxe6 10. b3 Na6 11. Be3 Ng4 12. Bd4 Ne5 13. Qd2 Qe7 14. Rad1 Nc5 15. Be3 Nf7 16. Nd4 Bd7 17. Nc2 Ne6 18. f4 Rfe8 19. Bf2 Qf6 20. Nd4 Nc5 21. b4 Ne4 22. Nxe4 fxe4 23. Be3 Rad8 24. h3 c5 25. Nb3 b6 26. bxc5 dxc5 27. Qc2 Nd6 28. g4 Bc6 29. Rd2 Qe6 30. Rc1 h5 31. Qd1 Bf6 32. g5 Be7 33. Qc2 Nf5 34. Rxd8 Rxd8 35. Kf2 Bxg5 36. fxg5 Qe5 37. Rd1 Qg3+ 38. Kg1 Nxe3 39. Rxd8+ Kf7 40. Rd7+ Ke8 0-1

[Event "San Vicente op 8th"]
[Site "San Vicente"]
[Date "2024.03.29"]
[Round "5"]
[White "Beydullayeva, Govhar"]
[Black "Goumas, Georgios"]
[Result "1-0"]
[WhiteElo "2374"]
[BlackElo "2445"]
[PlyCount "67"]
[EventDate "2024.03.27"]
[EventType "swiss"]
[EventRounds "9"]
[EventCountry "ESP"]
[SourceTitle "CB14_2024"]
[SourceDate "2024.04.01"]
[SourceVersion "1"]
[SourceVersionDate "2024.04.01"]
[SourceQuality "1"]

1. d4 Nf6 2. c4 e6 3. Nf3 d5 4. Nc3 c6 5. Bg5 Be7 6. e3 Nbd7 7. Qc2 0-0 8. cxd5 exd5 9. Bd3 h6 10. Bh4 Re8 11. 0-0 Ne4 12. Bxe4 Bxh4 13. Bh7+ Kh8 14. Nxh4 Qxh4 15. Bd3 Nf6 16. Rae1 Be6 17. f3 Rac8 18. Ne2 Bd7 19. Nf4 Nh5 20. Nxh5 Qxh5 21. Qb3 Rb8 22. Qa3 a6 23. Bc2 Qg5 24. Qd3 g6 25. e4 dxe4 26. fxe4 Kg8 27. Bb3 Re7 28. Re3 Be6 29. Rg3 Qh5 30. d5 Bg4 31. Qd4 Rbe8 32. Qf6 Be2 33. d6 Bxf1 34. Rxg6+ 1-0

[Event "Wch Blitz (Women)"]
[Site "Samarkand"]
[Date "2023.12.30"]
[Round "11"]
[White "Beydullayeva, Govhar"]
[Black "Injac, Teodora"]
[Result "1/2-1/2"]
[WhiteElo "2374"]
[BlackElo "2447"]
[PlyCount "105"]
[EventDate "2023.12.29"]
[EventType "swiss (blitz)"]
[EventRounds "17"]
[EventCountry "UZB"]
[SourceTitle "CB01_2024"]
[SourceDate "2024.01.03"]
[SourceVersion "1"]
[SourceVersionDate "2024.01.03"]
[SourceQuality "1"]

1. Nf3 Nf6 2. g3 b6 3. Bg2 Bb7 4. 0-0 g6 5. d4 Bg7 6. c4 0-0 7. Nc3 Ne4 8. Bd2 Nxd2 9. Qxd2 e6 10. h4 d6 11. h5 Nd7 12. hxg6 hxg6 13. Rad1 Qe7 14. Qf4 Qf6 15. Qg4 Qf5 16. Qh4 Bf6 17. Qh6 Bg7 18. Qh4 Bf6 19. Qh6 Rab8 20. Rfe1 Bg7 21. Qh4 Bf6 22. Qh6 Bg7 23. Qh4 Bf6 24. Qh6 Bg7 25. Qd2 a6 26. e4 Qh5 27. d5 exd5 28. cxd5 Rbe8 29. Nd4 Ne5 30. f4 Ng4 31. Nf3 b5 32. Kf1 b4 33. Ne2 a5 34. Qd3 Ra8 35. Qd2 Ba6 36. Kg1 Rfe8 37. Ned4 Bb7 38. Nh4 Bf6 39. Nhf3 Kg7 40. Qe2 Ba6 41. Qd2 Rh8 42. e5 Be7 43. e6 Nh2 44. exf7 Nxf3+ 45. Nxf3 Kxf7 46. Qe3 Rae8 47. Qe6+ Kg7 48. Qd7 Kf7 49. Ng5+ Kf8 50. Ne6+ Kf7 51. Ng5+ Kf8 52. Ne6+ Kf7 53. Ng5+ 1/2-1/2

[Event "Wch Blitz (Women)"]
[Site "Samarkand"]
[Date "2023.12.29"]
[Round "8"]
[White "Beydullayeva, Govhar"]
[Black "Lu, Miaoyi"]
[Result "0-1"]
[WhiteElo "2374"]
[BlackElo "2281"]
[PlyCount "64"]
[EventDate "2023.12.29"]
[EventType "swiss (blitz)"]
[EventRounds "17"]
[EventCountry "UZB"]
[SourceTitle "CB01_2024"]
[SourceDate "2024.01.03"]
[SourceVersion "1"]
[SourceVersionDate "2024.01.03"]
[SourceQuality "1"]

1. Nf3 Nf6 2. g3 e6 3. Bg2 d5 4. 0-0 Be7 5. d4 0-0 6. c4 dxc4 7. Qc2 a6 8. a4 h6 9. Qxc4 b5 10. Qc2 Bb7 11. axb5 axb5 12. Rxa8 Bxa8 13. Nbd2 Nbd7 14. Nb3 Be4 15. Qd1 c5 16. dxc5 Nxc5 17. Nxc5 Bxc5 18. Qxd8 Rxd8 19. Ne5 Bxg2 20. Kxg2 Bd6 21. Nd3 Rc8 22. Be3 Rc2 23. Kf3 e5 24. Nc1 Rxb2 25. Rd1 Bc7 26. Bc5 b4 27. e4 Rc2 28. Bxb4 Nxe4 29. Kxe4 Rc4+ 30. Kf3 Rxb4 31. Rd7 Rc4 32. Ke2 Rxc1 0-1

[Event "Wch Rapid (Women)"]
[Site "Samarkand"]
[Date "2023.12.28"]
[Round "9"]
[White "Beydullayeva, Govhar"]
[Black "Tan, Zhongyi"]
[Result "0-1"]
[WhiteElo "2374"]
[BlackElo "2521"]
[PlyCount "72"]
[EventDate "2023.12.26"]
[EventType "swiss (rapid)"]
[EventRounds "11"]
[EventCountry "UZB"]
[SourceTitle "CB01_2024"]
[SourceDate "2024.01.03"]
[SourceVersion "1"]
[SourceVersionDate "2024.01.03"]
[SourceQuality "1"]

1. Nf3 d5 2. g3 g6 3. Bg2 Bg7 4. d4 Nf6 5. c4 c6 6. 0-0 0-0 7. Nc3 dxc4 8. e4 b5 9. Qe2 Bb7 10. e5 Nd5 11. e6 f5 12. h4 Nxc3 13. bxc3 c5 14. Rd1 cxd4 15. Nxd4 Bxg2 16. Kxg2 Qd5+ 17. Qf3 Qxf3+ 18. Kxf3 Bxd4 19. Rxd4 Nc6 20. Rd5 Rf6 21. Rxb5 Rd8 22. Rc5 Rxe6 23. Kg2 Ne5 24. Bf4 Ng4 25. Kg1 Re2 26. f3 Nh2 27. Rxc4 Nxf3+ 28. Kf1 Rh2 29. Rc1 Rxa2 30. Rc7 Kf7 31. c4 Rd4 32. c5 Re4 33. Bd6 Ree2 34. Rxe7+ Rxe7 35. Bxe7 Kxe7 36. c6 Kd8 0-1

[Event "Wch Rapid (Women)"]
[Site "Samarkand"]
[Date "2023.12.27"]
[Round "8"]
[White "Guichard, Pauline"]
[Black "Beydullayeva, Govhar"]
[Result "0-1"]
[WhiteElo "2386"]
[BlackElo "2374"]
[PlyCount "86"]
[EventDate "2023.12.26"]
[EventType "swiss (rapid)"]
[EventRounds "11"]
[EventCountry "UZB"]
[SourceTitle "CB01_2024"]
[SourceDate "2024.01.03"]
[SourceVersion "1"]
[SourceVersionDate "2024.01.03"]
[SourceQuality "1"]

1. d4 Nf6 2. c4 e6 3. Nc3 Bb4 4. e3 0-0 5. Bd3 d5 6. a3 Bxc3+ 7. bxc3 dxc4 8. Bxc4 c5 9. Nf3 Qc7 10. Be2 b6 11. Bb2 Bb7 12. 0-0 Nbd7 13. c4 Rad8 14. a4 cxd4 15. Qxd4 Nc5 16. Qh4 Nfe4 17. a5 f6 18. axb6 axb6 19. Nd4 e5 20. Nb5 Qf7 21. f3 Rd2 22. fxe4 Rxe2 23. Nd6 Qg6 24. Rf2 Rxf2 25. Qxf2 Nxe4 26. Nxe4 Qxe4 27. Rd1 Qxc4 28. Rd7 Qe4 29. h3 h6 30. Qg3 Rf7 31. Rd8+ Kh7 32. Ba3 b5 33. Qf2 b4 34. Bxb4 Qxb4 35. Qf5+ g6 36. Qg4 Qxg4 37. hxg4 Be4 38. Rb8 Rb7 39. Rc8 Rb1+ 40. Kh2 Rb2 41. Rc7+ Kg8 42. Kh3 Bxg2+ 43. Kg3 Be4 0-1

[Event "EU-chT (Women) 24th"]
[Site "Budva"]
[Date "2023.11.11"]
[Round "1.2"]
[White "Beydullayeva, Govhar"]
[Black "Urh, Zala"]
[Result "1/2-1/2"]
[WhiteElo "2383"]
[BlackElo "2249"]
[PlyCount "82"]
[EventDate "2023.11.11"]
[EventType "team-swiss"]
[EventRounds "9"]
[EventCountry "MNE"]
[SourceTitle "CB47_2023"]
[SourceDate "2023.11.22"]
[SourceVersion "1"]
[SourceVersionDate "2023.11.22"]
[SourceQuality "1"]
[WhiteTeam "Azerbaijan (W)"]
[BlackTeam "Slovenia (W)"]
[WhiteTeamCountry "AZE"]
[BlackTeamCountry "SLO"]

1. Nf3 d5 2. d4 Nf6 3. c4 e6 4. Nc3 Bb4 5. Bg5 Nbd7 6. e3 c5 7. cxd5 exd5 8. Bd3 Qa5 9. 0-0 c4 10. Bf5 0-0 11. Qc2 Re8 12. Rfb1 g6 13. Bxd7 Nxd7 14. a3 Bxc3 15. bxc3 Nb6 16. Rb4 Re6 17. a4 f6 18. Bf4 Bd7 19. h4 Be8 20. g4 Rd8 21. g5 f5 22. Kg2 Rd7 23. h5 Nc8 24. Rab1 Rb6 25. hxg6 hxg6 26. Rb5 Rxb5 27. Rxb5 Qd8 28. Be5 Rh7 29. Rb1 Qd7 30. Rh1 Rxh1 31. Kxh1 Qxa4 32. Qb1 Qd7 33. Kg2 b5 34. Qb4 Qc6 35. Bf6 Qb6 36. Qb1 Qc7 37. Be5 Qb7 38. Qb4 Qb6 39. Qb1 Qb7 40. Qb4 Qb6 41. Qb1 Qb7 1/2-1/2

[Event "FIDE Grand Swiss (Women)"]
[Site "Douglas"]
[Date "2023.11.03"]
[Round "9"]
[White "Beydullayeva, Govhar"]
[Black "Batsiashvili, Nino"]
[Result "1-0"]
[WhiteElo "2383"]
[BlackElo "2475"]
[PlyCount "63"]
[EventDate "2023.10.25"]
[EventType "swiss"]
[EventRounds "11"]
[EventCountry "IOM"]
[SourceTitle "Mega2024 Update 01"]
[Source "Chessbase"]
[SourceDate "2023.11.12"]
[SourceVersion "1"]
[SourceVersionDate "2023.11.12"]
[SourceQuality "1"]

1. Nf3 Nf6 2. g3 d5 3. Bg2 c5 4. 0-0 Nc6 5. d4 cxd4 6. Nxd4 e5 7. Nxc6 bxc6 8. c4 Be6 9. Nc3 Rc8 10. Qa4 Qd7 11. cxd5 cxd5 12. Qxd7+ Kxd7 13. Rd1 Bc5 14. Na4 a6 15. Bg5 Kd6 16. Nxc5 Rxc5 17. e4 h6 18. Bd2 Rb5 19. exd5 Nxd5 20. Bc3 f6 21. a4 Rc5 22. Bb4 Rhc8 23. Rac1 e4 24. Bxe4 Ke5 25. Bxc5 Kxe4 26. Re1+ Kf5 27. g4+ Kxg4 28. Rxe6 Nf4 29. Re4 g5 30. Be3 Rd8 31. Bxf4 gxf4 32. Kg2 1-0

[Event "FIDE Grand Swiss (Women)"]
[Site "Douglas"]
[Date "2023.11.01"]
[Round "7"]
[White "Terbe, Julianna"]
[Black "Beydullayeva, Govhar"]
[Result "1-0"]
[WhiteElo "2266"]
[BlackElo "2383"]
[PlyCount "113"]
[EventDate "2023.10.25"]
[EventType "swiss"]
[EventRounds "11"]
[EventCountry "IOM"]
[SourceTitle "Mega2024 Update 01"]
[Source "Chessbase"]
[SourceDate "2023.11.12"]
[SourceVersion "1"]
[SourceVersionDate "2023.11.12"]
[SourceQuality "1"]

1. Nf3 d5 2. d4 Nf6 3. c4 e6 4. g3 Bb4+ 5. Nbd2 0-0 6. Bg2 b6 7. 0-0 Bb7 8. a3 Be7 9. b4 a5 10. b5 a4 11. Ne5 Nfd7 12. Ndf3 c5 13. Bb2 Nf6 14. e3 Ne4 15. dxc5 bxc5 16. Nd2 Nf6 17. Qe2 Qb6 18. Rab1 Rd8 19. e4 dxc4 20. Nexc4 Qa7 21. Rfd1 Nbd7 22. e5 Ne8 23. Ne4 Rab8 24. Qg4 Bd5 25. Ncd6 Bxd6 26. Nxd6 Bxg2 27. Kxg2 Nb6 28. Nxe8 Rxe8 29. Bc1 Kh8 30. Bg5 Nd5 31. Rdc1 Rec8 32. Rc4 Qc7 33. Re1 Rxb5 34. Qh5 Qb7 35. Kh3 f6 36. exf6 gxf6 37. Bh6 Qc6 38. Qg4 Rg8 39. Qxe6 Qxe6+ 40. Rxe6 Nb6 41. Rg4 Rxg4 42. Kxg4 Kg8 43. Rxf6 Nd7 44. Ra6 c4 45. Rxa4 Ne5+ 46. Kf4 c3 47. Ra8+ Kf7 48. Rc8 Nd7 49. Ke4 Nf6+ 50. Kd4 Rb2 51. Be3 c2 52. Bc1 Ra2 53. f3 Nd7 54. Kc3 Ne5 55. Kb3 Ra1 56. Kxc2 Ra2+ 57. Bb2 1-0

[Event "FIDE Grand Swiss (Women)"]
[Site "Douglas"]
[Date "2023.10.30"]
[Round "6"]
[White "Beydullayeva, Govhar"]
[Black "Shuvalova, Polina"]
[Result "0-1"]
[WhiteElo "2383"]
[BlackElo "2506"]
[PlyCount "222"]
[EventDate "2023.10.25"]
[EventType "swiss"]
[EventRounds "11"]
[EventCountry "IOM"]
[SourceTitle "Mega2024 Update 01"]
[Source "Chessbase"]
[SourceDate "2023.11.12"]
[SourceVersion "1"]
[SourceVersionDate "2023.11.12"]
[SourceQuality "1"]

1. d4 Nf6 2. c4 e6 3. Nf3 d5 4. Nc3 Be7 5. Bf4 0-0 6. e3 Nbd7 7. Be2 dxc4 8. 0-0 a6 9. a4 c5 10. d5 exd5 11. Nxd5 Nxd5 12. Qxd5 Nf6 13. Qxd8 Rxd8 14. Bc7 Rd7 15. Ba5 b6 16. Bxb6 a5 17. Ne5 Nd5 18. Bxa5 Rxa5 19. Bxc4 Nb6 20. Bxf7+ Kf8 21. Nxd7+ Bxd7 22. Bb3 g6 23. Rfd1 Be8 24. Be6 Bf6 25. Rd2 Ke7 26. Bg8 h6 27. h3 Bxa4 28. Bb3 c4 29. Bd1 Ra8 30. e4 g5 31. g3 c3 32. bxc3 Bxc3 33. Rxa4 Bxd2 34. Rxa8 Nxa8 35. Kf1 Nc7 36. Ke2 Bc1 37. Bb3 Nb5 38. Bc4 Nd4+ 39. Kd3 Nf3 40. Ke2 Ne5 41. Bb5 Ng6 42. Kd1 Ba3 43. Be2 Bd6 44. Bh5 Nf8 45. Ke2 Kf6 46. Bg4 Ng6 47. Bf5 Ne7 48. Bd7 Ke5 49. Kf3 Ng8 50. Bf5 h5 51. Bg6 Nf6 52. Bf5 Bc5 53. Bg6 Kd4 54. Bf5 Bd6 55. Bg6 Be5 56. Ke2 Bd6 57. Kf3 Bc7 58. Ke2 Be5 59. Kf3 Kd3 60. Bf5 Kd2 61. Bg6 Bc7 62. Bf7 Bb8 63. Be6 Be5 64. Bf7 Bc7 65. Be6 Ke1 66. Ke3 Bb6+ 67. Kf3 Bd4 68. Bf7 Kf1 69. h4 Nd7 70. hxg5 Ne5+ 71. Kf4 Nxf7 72. g6 Nd8 73. Kf5 Kxf2 74. e5 Nc6 75. g7 Ne7+ 76. Kf6 Ng8+ 77. Kg5 Bxe5 78. Kxh5 Bxg7 79. Kg6 Bc3 80. g4 Ne7+ 81. Kf7 Nd5 82. g5 Nf4 83. g6 Nh5 84. Ke6 Kf3 85. Kd5 Ng7 86. Kc4 Bf6 87. Kd5 Kf4 88. Kd6 Kf5 89. Kd5 Kxg6 90. Ke4 Ne6 91. Kd5 Kf5 92. Kd6 Nd4 93. Kd5 Be5 94. Kc4 Ke4 95. Kc5 Bc7 96. Kc4 Bb6 97. Kc3 Nf5 98. Kd2 Be3+ 99. Kc3 Nd6 100. Kb4 Bb6 101. Kc3 Ba5+ 102. Kc2 Kd4 103. Kb3 Kd3 104. Ka4 Bd2 105. Kb3 Ne4 106. Ka4 Kc4 107. Ka3 Nc5 108. Kb2 Kd3 109. Ka3 Kc2 110. Ka2 Bb4 111. Ka1 Nd3 0-1

[Event "FIDE Grand Swiss (Women)"]
[Site "Douglas"]
[Date "2023.10.28"]
[Round "4"]
[White "Beydullayeva, Govhar"]
[Black "Cramling, Pia"]
[Result "1-0"]
[WhiteElo "2383"]
[BlackElo "2446"]
[PlyCount "89"]
[EventDate "2023.10.25"]
[EventType "swiss"]
[EventRounds "11"]
[EventCountry "IOM"]
[SourceTitle "Mega2024 Update 01"]
[Source "Chessbase"]
[SourceDate "2023.11.12"]
[SourceVersion "1"]
[SourceVersionDate "2023.11.12"]
[SourceQuality "1"]

1. d4 Nf6 2. c4 e6 3. Nf3 Bb4+ 4. Nbd2 b6 5. a3 Bxd2+ 6. Qxd2 0-0 7. e3 d5 8. Bd3 dxc4 9. Bxc4 Bb7 10. 0-0 Nbd7 11. b4 c5 12. Bb2 Qe7 13. Qe2 Rac8 14. Rfc1 Rfd8 15. Ba6 Bxa6 16. Qxa6 Nb8 17. Qc4 Nbd7 18. Qa6 Nb8 19. Qc4 Nbd7 20. dxc5 bxc5 21. Qa6 Nb8 22. Qc4 Nbd7 23. b5 Nd5 24. a4 Nb4 25. a5 e5 26. e4 h6 27. Bc3 Qf8 28. h3 Kh7 29. Rab1 f6 30. Ne1 Nb8 31. Rd1 Rxd1 32. Rxd1 a6 33. b6 N4c6 34. Rc1 Qd6 35. Nd3 Nd8 36. f4 exf4 37. e5 fxe5 38. Bxe5 Qe7 39. Qxf4 Ne6 40. Qe4+ Kh8 41. Bxb8 Rxb8 42. Ne5 Nf8 43. Rf1 Kg8 44. Qd5+ Kh7 45. Qd3+ 1-0

[Event "Wch U20 Girls Blitz"]
[Site "Pula"]
[Date "2023.10.15"]
[Round "8"]
[White "Beydullayeva, Govhar"]
[Black "Sultanbek, Zeinep"]
[Result "1/2-1/2"]
[WhiteElo "2383"]
[BlackElo "1969"]
[PlyCount "83"]
[EventDate "2023.10.14"]
[EventType "swiss (blitz)"]
[EventRounds "11"]
[EventCountry "ITA"]
[SourceTitle "Mega2024 Update 01"]
[Source "Chessbase"]
[SourceDate "2023.11.12"]
[SourceVersion "1"]
[SourceVersionDate "2023.11.12"]
[SourceQuality "1"]

1. Nf3 Nf6 2. g3 g6 3. Bg2 Bg7 4. d4 0-0 5. c4 c5 6. Nc3 d6 7. 0-0 Nc6 8. dxc5 dxc5 9. Bf4 Be6 10. Ne5 Nxe5 11. Bxe5 Bxc4 12. Bxb7 Qe8 13. Bxa8 Qxa8 14. f3 Qc6 15. b3 Ba6 16. Qc2 Qe6 17. Bf4 Nd5 18. Nxd5 Bxa1 19. Rxa1 Qxd5 20. Rd1 Qe6 21. e4 c4 22. bxc4 Bxc4 23. Bh6 Rc8 24. Qd2 Qb6+ 25. Be3 Qa6 26. Bh6 Qb6+ 27. Kg2 f6 28. Qd7 Qe6 29. Qxa7 Bxa2 30. Qa5 Kf7 31. Rd8 Rxd8 32. Qxd8 Qb3 33. Qf8+ Ke6 34. Qg8+ Kd7 35. Qxh7 Qc2+ 36. Kh3 Be6+ 37. g4 Qf2 38. Qxg6 Qxf3+ 39. Kh4 Qf2+ 40. Kh3 Qf3+ 41. Kh4 Qf2+ 42. Kh3 1/2-1/2

[Event "Wch U20 Girls Blitz"]
[Site "Pula"]
[Date "2023.10.14"]
[Round "5"]
[White "Beydullayeva, Govhar"]
[Black "Vanduyfhuys, Daria"]
[Result "1-0"]
[WhiteElo "2383"]
[BlackElo "2088"]
[PlyCount "82"]
[EventDate "2023.10.14"]
[EventType "swiss (blitz)"]
[EventRounds "11"]
[EventCountry "ITA"]
[SourceTitle "Mega2024 Update 01"]
[Source "Chessbase"]
[SourceDate "2023.11.12"]
[SourceVersion "1"]
[SourceVersionDate "2023.11.12"]
[SourceQuality "1"]

1. Nf3 d5 2. g3 Nf6 3. Bg2 e6 4. d4 Be7 5. 0-0 0-0 6. c4 dxc4 7. Qc2 a6 8. a4 Bd7 9. Rd1 Bc6 10. Nc3 Nbd7 11. e4 b6 12. Nd2 b5 13. d5 exd5 14. exd5 Bb7 15. d6 Bxg2 16. dxe7 Qxe7 17. Kxg2 c6 18. Nf3 Nc5 19. Be3 Nb3 20. Rab1 Rad8 21. axb5 cxb5 22. Rxd8 Rxd8 23. Rd1 h6 24. Rxd8+ Qxd8 25. Qd1 Qxd1 26. Nxd1 Ne4 27. Nd4 Nec5 28. Nxb3 Nxb3 29. Kf3 Kf8 30. Ke4 Ke7 31. Kd5 Kd7 32. Nc3 h5 33. Ne4 Kc7 34. Nc5 Na1 35. Nxa6+ Kb7 36. Nb4 Nb3 37. h4 g6 38. Nc2 Ka6 39. Nd4 Ka5 40. Nxb3+ cxb3 41. Kc5 f6 1-0

[Event "Abu Dhabi op 29th"]
[Site "Abu Dhabi"]
[Date "2023.08.23"]
[Round "8"]
[White "Beydullayeva, Govhar"]
[Black "Swayams, Mishra"]
[Result "0-1"]
[WhiteElo "2355"]
[BlackElo "2452"]
[PlyCount "122"]
[EventDate "2023.08.16"]
[EventType "swiss"]
[EventRounds "9"]
[EventCountry "UAE"]
[SourceTitle "EXT 2024"]
[Source "ChessBase"]
[SourceDate "2023.10.10"]
[SourceVersion "1"]
[SourceVersionDate "2023.10.10"]
[SourceQuality "1"]

1. Nf3 d5 2. g3 Nd7 3. d4 Nb6 4. Nc3 Bf5 5. Nh4 e6 6. Nxf5 exf5 7. Qd3 g6 8. a4 a5 9. f3 Nf6 10. Bg2 Bg7 11. Bf4 0-0 12. b3 c6 13. 0-0 Nc8 14. Rad1 Nd6 15. Be5 Qe7 16. Rfe1 Rfe8 17. e3 Rad8 18. Nb1 Nh5 19. Bxg7 Kxg7 20. Nd2 Nf6 21. Qc3 Qc7 22. Rb1 Kg8 23. Kf2 Ra8 24. Qd3 Rad8 25. c3 h5 26. Re2 Kg7 27. c4 h4 28. c5 Nc8 29. Rg1 Ne7 30. f4 Rh8 31. gxh4 Rxh4 32. Nf3 Rh6 33. h3 Ne4+ 34. Ke1 Rb8 35. h4 b5 36. cxb6 Qxb6 37. Rb2 Qb4+ 38. Kf1 Rb6 39. Bh3 Qc3 40. Qxc3 Nxc3 41. Kg2 Nxa4 42. Ra2 Nc3 43. Ra3 Rh8 44. Kh2 Ne4 45. Bg2 Rhb8 46. Rb1 a4 47. Rxa4 Nc3 48. Ra7 Nxb1 49. Rxe7 R6b7 50. Re5 Rxb3 51. Kg3 Na3 52. h5 Nc4 53. Re7 Rxe3 54. Rc7 Rbb3 55. hxg6 Rxf3+ 56. Bxf3 Nd2 57. Kh4 Rxf3 58. Kg5 Rg3+ 59. Kxf5 Rxg6 60. Rd7 Rf6+ 61. Kg4 Nb3 0-1